| 000 | 00815nam a2200193 a 4500 | ||
|---|---|---|---|
| 008 | 120416s1984 ||||||||||||||||| || u | ||
| 020 | _a0872010155 | ||
| 050 | _aTJ 177.5 Buc | ||
| 100 | _aBuck, Gordon S | ||
| 245 | 1 | 0 | _aMachinery alignment tables: faced-OD and reverse indicator methods |
| 260 |
_aHouston: _bGulf Publishing _c1984 |
||
| 300 | _axvii, variant pagings : ill. | ||
| 350 | _a0.00 | ||
| 650 | 7 |
_aTECHNOLOGY _2fast |
|
| 650 | 0 | _aMACHINE DESIGN | |
| 650 | _aMACHINE--TOOLS | ||
| 995 |
_aMAIN LIBRARY OPEN ACCESS _D0.00 _e731769 _FCBU-MAIN LIBRARY (Kitwe) _H1 _I50.00 _jTJ 177.5 Buc _M1 _UAVAILABLE _y029366 _ZMain Library Open Access Collection |
||
| 995 |
_aMAIN LIBRARY OPEN ACCESS _D0.00 _e731768 _FCBU-MAIN LIBRARY (Kitwe) _H2 _I50.00 _jTJ 177.5 Buc _M2 _UAVAILABLE _y029330 _ZMain Library Open Access Collection |
||
| 999 |
_c82275 _d82275 |
||